Enhanced Brillouin fiber laser /
Saved in:
| 主要作者: | |
|---|---|
| 格式: | Thesis 圖書 |
| 語言: | English |
| 出版: |
2009.
|
| 主題: | |
| 在線閱讀: | http://studentsrepo.um.edu.my/id/eprint/2022 |
| 標簽: |
添加標簽
沒有標簽, 成為第一個標記此記錄!
|
| LEADER | 01094cam a2200301 a 4500 | ||
|---|---|---|---|
| 001 | u796814 | ||
| 003 | SIRSI | ||
| 005 | 201009061731 | ||
| 008 | 100906s2009 my a t 000 0 eng m | ||
| 040 | |a UMM |d AUM | ||
| 090 | |a QC3 |b UM 2009 Big | ||
| 100 | 1 | |a Biglary, Mozhgun. | |
| 245 | 1 | 0 | |a Enhanced Brillouin fiber laser / |c Mozhgun Biglary. |
| 260 | |c 2009. | ||
| 300 | |a vii, 130 leaves : |b ill. ; |c 30 cm. | ||
| 502 | |a Dissertation (M.Sc.) -- Jabatan Fizik, Fakulti Sains, Universiti Malaya, 2010. | ||
| 504 | |a Includes bibliographical references. | ||
| 530 | |a Also issued in CD. | ||
| 650 | 0 | |a Brillouin scattering. | |
| 650 | 0 | |a Optical fibers. | |
| 650 | 0 | |a Optical wave guides. | |
| 650 | 0 | |a Wavelength division multiplexing. | |
| 710 | 2 | |a Universiti Malaya. |b Jabatan Fizik. | |
| 856 | 4 | 1 | |u http://studentsrepo.um.edu.my/id/eprint/2022 |
| 900 | |a HA-ZA | ||
| 596 | |a 1 25 | ||
| 999 | |a QC3 UM 2009 BIG |w LC |c 1 |i A514485033 |d 17/3/2011 |f 17/3/2011 |g 1 |l STACKS |m P01UTAMA |r Y |s Y |t TESIS |u 15/3/2011 | ||
| 999 | |a QC3 UM 2009 BIG |w LC |c 1 |i A514485016 |l STACKS |m P25UMARCHI |r Y |s Y |t CD |u 28/3/2017 |1 STEM |2 GIFT | ||
